| 000 | 00000nam 2200000zi 4500 |
| 001 | 9.882522 |
| 003 | CaOODSP |
| 005 | 20221107170324 |
| 006 | m o d f |
| 007 | cr ||||||||||| |
| 008 | 191129t20192019oncdo o f000 0 fre d |
| 020 | |a9780660333816 |
| 040 | |aCaOODSP|bfre|erda|cCaOODSP |
| 043 | |an-cn--- |
| 086 | 1 |aH134-14/2019F-PDF |
| 245 | 00|aCe que nous avons entendu : |bréduire l’accessibilité et l’attrait des produits de vapotage pour les jeunes : sommaire de la consultation. |
| 246 | 10|aRéduire l’accessibilité et l’attrait des produits de vapotage pour les jeunes : |bsommaire de la consultation |
| 264 | 1|aOttawa (Ontario) : |bSanté Canada = Health Canada, |c2019. |
| 264 | 4|c©2019 |
| 300 | |a1 ressource en ligne (iii, 20 pages) : |bgraphiques, photographies |
| 336 | |atexte|btxt|2rdacontent/fre |
| 337 | |ainformatique|bc|2rdamedia/fre |
| 338 | |aressource en ligne|bcr|2rdacarrier/fre |
| 500 | |aTitre de la couverture. |
| 500 | |a« Décembre 2019. » |
| 500 | |aPublié aussi en format HTML. |
| 500 | |aPublié aussi en anglais sous le titre : What we heard : reducing youth access and appeal of vaping products : consultation summary. |
| 520 | |a« Le document « Réduire l’accessibilité et l’attrait des produits de vapotage pour les jeunes : Consultation sur les mesures réglementaires possibles » a été publié le 11 avril 2019. Pendant une période de 45 jours, les Canadiens et les Canadiennes ont été invités à présenter leurs commentaires sur un certain nombre de mesures réglementaires qui pourraient être envisagées pour réduire davantage l’accès aux produits de vapotage et leur attrait pour les jeunes » -- Introduction, page 3. |
| 650 | 6|aVapotage|zCanada|xOpinion publique. |
| 650 | 6|aJeunesse|xTabagisme|zCanada|xOpinion publique. |
| 650 | 6|aVapotage|xAspect sanitaire|zCanada. |
| 710 | 1 |aCanada. |bSanté Canada. |
| 775 | 08|tWhat we heard : |w(CaOODSP)9.882520 |
| 856 | 40|qPDF|s271 Ko|uhttps://publications.gc.ca/collections/collection_2020/sc-hc/H134-14-2019-fra.pdf |
| 856 | 40|qHTML|sS.O.|uhttps://www.canada.ca/fr/sante-canada/services/publications/vie-saine/sommaire-consultation-reduire-accessibilite-attrait-produits-vapotage-jeunes.html |
| 986 | |a190495 |